ABBA or Roxette? - Statistics

General Stats
  • This quiz has been taken 61 times
  • The average score is 18 of 20
Answer Stats
Hint Answer % Correct
Chiquitita ABBA
100%
Take a chance on me ABBA
98%
The winner takes it all ABBA
98%
Thank you for the music ABBA
96%
Waterloo ABBA
96%
Dancing queen ABBA
96%
Mamma mia ABBA
96%
Listen to your heart Roxette
96%
Joyride Roxette
96%
The big L. Roxette
96%
Fading like a flower Roxette
90%
Spending my time Roxette
90%
The look Roxette
90%
It must have been love Roxette
88%
Sleeping in my car Roxette
88%
Dangerous Roxette
86%
Things will never be the same Roxette
84%
Slipping through my fingers ABBA
78%
One of us ABBA
76%
Angeleyes ABBA
71%
No matching quizzes found
Score Distribution
Percent of People with Each Score
Percentile by Number Answered
Your Score History
You have not taken this quiz